000 00360nam a2200145Ia 4500
008 230917s9999||||xx |||||||||||||| ||und||
040 _e205819
_aMAIN
041 _aEnglish
082 _a658.3 S56H
100 _aSengupta, Debashish
245 0 _aHuman resource management
260 _aNew Delhi
_bBiztantra
_c2012
300 _axxxix, 623 p.
942 _cBK
999 _c175569
_d175569